• 首页
  • 本馆介绍
  • 公告通知
  • 最新文献
  • 馆藏检索
  • 电子资源
  • 读者导购
  • 参考咨询
  • 我的图书馆
  • 登录
  • 详细信息显示
  • 放入我的书架
  • 预约/预借图书
  • 作者相关作品
  • 分类相关作品
  • 丛书相关作品
  • 出版社相关作品

书目信息

  • 表格格式
  • 工作单格式
  • 卡片格式
题名:
记者眼中的福建土楼
    
 
作者: 卢基莹 主编
分册:  
出版信息: 福州   海风出版社  2012
页数: 230页
开本: 23cm
丛书名:
单 册:
中图分类: K928.79
科图分类:
主题词: 民居--简介--福建省
电子资源:
ISBN: 978-7-80597-956-4
000 00782nam0 2200229 450
001 338391
005 20150603105219.76
010    @a978-7-80597-956-4@dCNY29.80
100    @a20110714d2010 em y0chiy50 ea
101 0  @achi
102    @aCN@b350000
105    @aa z 000yy
106    @ar
200 1  @a记者眼中的福建土楼@Aji zhe yan zhong de fu jian tu lou@f卢基莹主编
210    @a福州@c海风出版社@d2012
215    @a230页@c图@d23cm
330    @a本书内容上依览胜、探秘、情怀三个部分组成, 对福建土楼进行了介绍, 以特定人群的视角为切入点, 将聚焦土楼的眼光作为一个专题, 进行较为全面、系统、深入的分析和研究。
606 0  @a民居@x简介@x福建省
690    @aK928.79@v5
701  0 @a卢基莹@Alu ji ying@f(1964)@4主编
801  0 @aCN@b卓展宏图@c20150525
905    @dK928.79@e807@f4
    
    记者眼中的福建土楼/卢基莹主编.-福州:海风出版社,2012
    230页:图;23cm
    
    
    ISBN 978-7-80597-956-4:CNY29.80
    本书内容上依览胜、探秘、情怀三个部分组成, 对福建土楼进行了介绍, 以特定人群的视角为切入点, 将聚焦土楼的眼光作为一个专题, 进行较为全面、系统、深入的分析和研究。
●
相关链接 在E读中查询图书 在五车中查询图书 在当当中查询图书 在豆瓣中查询图书


正题名:记者眼中的福建土楼     索取号:K928.79/807         预约/预借

序号 登录号 条形码 馆藏地/架位号 状态 备注
1 861996   208619967   第二样本阅览室/ [索取号:K928.79/807] 在馆    
2 861997   208619976   第二借阅区/ [索取号:K928.79/807] 在馆    
3 861998   208619985   第二借阅区/ [索取号:K928.79/807] 在馆    
4 861999   208619994   第二借阅区/ [索取号:K928.79/807] 在馆    
唐山师范学院图书馆 欢迎您!
大连网信软件有限公司© 版权所有